Detalles MARC
| 000 -CABECERA |
| Longitud fija campo de control |
01845nam a2200373 i 4500 |
| 003 - • IDENTIFICADOR DELl NÚMERO DE CONTROL |
| Identificador del número de control |
CO-BoRNBP |
| 005 - • FECHA Y HORA DE LA ÚLTIMA TRANSACCIÓN |
| Fecha y hora de la última transacción |
20260317165551.0 |
| 007 - • CAMPO FIJO DE DESCRIPCIÓN FÍSICA |
| Campo fijo de descripción física |
ta |
| 008 - • CÓDIGOS DE INFORMACIÓN DE LONGITUD FIJA |
| Códigos de información de longitud fija |
210817r20222000mx a br 000 f spa d |
| 020 ## - • NÚMERO INTERNACIONAL NORMALIZADO PARA LIBROS |
| Número Internacional Normalizado para Libros (ISBN) |
9789681662813 |
| 040 ## - FUENTE DE LA CATALOGACIÓN |
| Centro catalogador de origen |
CO-BoRNBP |
| Lengua de catalogación |
spa |
| Normas de descripción |
rda |
| Centro transcriptor |
CO-BoRNBP |
| 041 0# - • CÓDIGO DE LENGUA |
| Código de lengua del texto/banda sonora o título independiente |
spa |
| 043 ## - CÓDIGO DE ÁREA GEOGRÁFICA |
| Código de área geográfica |
n-mx--- |
| 084 ## - • Clasificación Local Alfanúmerica PNLB |
| Número de clasificación |
N |
| 100 1# - • PUNTO DE ACCESO PRINCIPAL-NOMBRE DE PERSONA |
| Nombre de persona |
Hinojosa, Francisco, |
| Fechas asociadas al nombre |
1954- , |
| Término indicativo de función |
aut |
| 245 10 - • TITULO PROPIAMENTE DICHO |
| Título |
Buscalacranes / |
| Mención de responsabilidad, etc. |
Francisco Hinojosa ; ilustraciones de Rafael Barajas El Fisgón. |
| 250 ## - • MENCIÓN DE EDICIÓN |
| Mención de edición |
Primera edición. |
| Resto de la mención de edición |
Décimo tercera reimpresión |
| 264 #1 - PRODUCCIÓN, PUBLICACIÓN , DISTRIBUCIÓN, FABRICACIÓN Y COPYRIGHT |
| Lugar de producción, publicación, distribución, fabricación |
México : |
| Nombre del productor, editor, distribuidor, fabricante |
Editorial Fondo de Cultura Económica, |
| Fecha de de producción, publicación, distribución, fabricación o copyright |
2000, |
| -- |
2022. |
| 300 ## - • DESCRIPCIÓN FÍSICA |
| Extensión |
90 páginas : |
| Otras características físicas |
ilustraciones en blanco y negro ; |
| Dimensiones |
19 cm. |
| 336 ## - TIPO DE CONTENIDO |
| Término de tipo de contenido |
texto |
| Código de tipo de contenido |
txt |
| Fuente |
rdacontent |
| 337 ## - TIPO DE MEDIO |
| Nombre del tipo de medio |
sin mediación |
| Código del tipo de medio |
n |
| Fuente |
rdamedia |
| 338 ## - TIPO DE SOPORTE |
| Nombre del tipo de soporte |
volumen |
| Código del tipo de soporte |
nc |
| Fuente |
rdacarrier |
| 490 0# - • MENCIÓN DE SERIE |
| Mención de serie |
A la orilla del viento |
| -- |
Para los que leen bien |
| Designación de volumen o secuencia |
140 |
| 500 ## - • NOTA GENERAL |
| Nota general |
El material de la dotación PNLB 2022, corresponde a la décimo tercera reimpresión de 2022, de la primera edición de 2000. |
| 520 1# - • NOTA DE RESUMEN |
| Resumen, etc, |
¡Urgente! Se solicitan buscalacranes. Experiencia mínima, indispensable que pesen más de cuarenta kilos. Leidi, Juliana y Sancho no reunían ninguna de las condiciones, pero eran los mejores cazabichos, por lo que respondieron al anuncio para ayudar al doctor Östengruff en la búsqueda de un contraveneno para la bampacrisis, y así evitar que hiciera ¡bamp!… y se esfumara. (Tomado de la fuente). |
| 521 1# - • NOTA DE PÚBLICO DESTINATARIO |
| Nota público destinatario (R ) |
Recomendado para un público infantil mayor de 8 años. |
| 650 17 - • PUNTO DE ACCESO ADICIONAL DE MATERIA - TÉRMINO DE MATERIA |
| Término de materia o nombre geográfico como elemento inicial |
Novela infantil Mexicana |
| Subdivisión cronológica |
Siglo XX |
| Fuente del encabezamiento o término |
rnbp |
| 650 17 - • PUNTO DE ACCESO ADICIONAL DE MATERIA - TÉRMINO DE MATERIA |
| Término de materia o nombre geográfico como elemento inicial |
Literatura infantil mexicana |
| Fuente del encabezamiento o término |
rnbp |
| 650 17 - • PUNTO DE ACCESO ADICIONAL DE MATERIA - TÉRMINO DE MATERIA |
| Término de materia o nombre geográfico como elemento inicial |
Animales en la literatura |
| Fuente del encabezamiento o término |
rnbp |
| 650 17 - • PUNTO DE ACCESO ADICIONAL DE MATERIA - TÉRMINO DE MATERIA |
| Término de materia o nombre geográfico como elemento inicial |
Historias de aventuras |
| Fuente del encabezamiento o término |
lemb |
| 700 1# - • PUNTO DE ACCESO ADICIONAL - NOMBRE DE PERSONA |
| Nombre de persona |
Barajas Durán, Rafael, |
| Fechas asociadas al nombre |
1956- , |
| Término indicativo de función |
ill |
| 942 ## - ENTRADA DE ELEMENTOS AGREGADOS (KOHA) |
| Fuente de clasificaión o esquema |
|
| Koha [por defecto] tipo de item |
Literatura Infantil |
| Suppress in OPAC |
0 |